| 000 | 00713nam a2200217 a 4500 | ||
|---|---|---|---|
| 005 | 20230316063553.0 | ||
| 008 | 031014m19921998mx r 000 0 spa d | ||
| 020 | _a9681637801 | ||
| 035 | _aUPN01000130174 | ||
| 049 | _aI | ||
| 050 | 4 |
_aPZ76.3 _bB7.5 |
|
| 100 | 1 |
_aBrowne, Anthony Edward Tudor, _d1946- _935823 |
|
| 245 | 1 | 0 |
_aMe gustan los libros / _cAnthony Browne ; tr. Carmen Esteva. |
| 260 |
_aMéxico : _bFCE, _c1992 (1998 impr.). |
||
| 300 |
_a[18] p. : _bprincipalmente il. col. |
||
| 440 | 4 | _aLos especiales de A la orilla del viento | |
| 534 |
_pTraducción de : _tI like books |
||
| 650 | 0 |
_aAnimales _vCuentos y leyendas _9234 |
|
| 650 | 4 |
_aCuentos infantiles ingleses _910002 |
|
| 905 | _aInfantil | ||
| 999 |
_c102331 _d102331 |
||